| 000 -LEADER |
| fixed length control field |
00435nam a22001337a 4500 |
| 008 - FIXED-LENGTH DATA ELEMENTS--GENERAL INFORMATION |
| fixed length control field |
250107b ||||| |||| 00| 0 eng d |
| 020 ## - INTERNATIONAL STANDARD BOOK NUMBER |
| International Standard Book Number |
9781423144171 |
| 082 ## - DEWEY DECIMAL CLASSIFICATION NUMBER |
| Classification number |
425 |
| 100 ## - MAIN ENTRY--PERSONAL NAME |
| Personal name |
Neal Shusterman and Eric Elfman |
| Relator term |
Shusterman,Neal and Elfman,Eric |
| Form subheading |
Book 2 Of The Accelerati Trilogy |
| Language of a work |
English |
| 245 ## - TITLE STATEMENT |
| Title |
Edison's Alley |
| 260 ## - PUBLICATION, DISTRIBUTION, ETC. |
| Place of publication, distribution, etc. |
United States of America250 |
| Name of publisher, distributor, etc. |
Disney |
| 300 ## - PHYSICAL DESCRIPTION |
| Extent |
250 |
| Dimensions |
13cm |
| 942 ## - ADDED ENTRY ELEMENTS (KOHA) |
| Source of classification or shelving scheme |
|
| Classification part |
425 |